Каталог Выставки рисунков группы художников: Бруни Л.А., Купреянова Н.Н., Лебедева В.В., Львова П.И., Митурича П.В., Татлина В.Е., Тырсы Н.А. (Запись № 9844165)

Подробности
000 -МАРКЕР
контрольное поле 01787nam0a22003851 4500
001 - ИДЕНТИФИКАТОР ЗАПИСИ
контрольное поле RU\NLR\A1SV\29383
005 - ИДЕНТИФИКАТОР ВЕРСИИ
контрольное поле 20260406075956.0
035 ## - ДРУГИЕ СИСТЕМНЫЕ НОМЕРА
Идентификатор записи (NLR Aleph) 009713301
100 ## - ДАННЫЕ ОБЩЕЙ ОБРАБОТКИ
Данные общей обработки 20000525d1925 u y0rusy50 ca
101 0# - ЯЗЫК РЕСУРСА
Язык текста, звукозаписи и т.д. русский
102 ## - СТРАНА ПУБЛИКАЦИИ ИЛИ ПРОИЗВОДСТВА
Страна публикации Российская Федерация
200 1# - ЗАГЛАВИЕ И СВЕДЕНИЯ ОБ ОТВЕТСТВЕННОСТИ
Основное заглавие Каталог Выставки рисунков группы художников: Бруни Л.А., Купреянова Н.Н., Лебедева В.В., Львова П.И., Митурича П.В., Татлина В.Е., Тырсы Н.А.
Последующие сведения об ответственности Гос. Цветков. галерея
210 ## - ПУБЛИКАЦИЯ, РАСПРОСТРАНЕНИЕ И ДР.
Место издания, распространения и т.д. [М.]
Дата издания, распространения и т.д. 1925
215 ## - ФИЗИЧЕСКАЯ ХАРАКТЕРИСТИКА
Специфическое обозначение материала и объем 8 с.
Размеры 18 см
620 ## - МЕСТО И ДАТА ПУБЛИКАЦИИ, ИСПОЛНЕНИЯ И Т. Д.
Город Москва
702 #1 - ИМЯ ЛИЦА - ВТОРИЧНАЯ ОТВЕТСТВЕННОСТЬ
Начальный элемент ввода Бруни
Часть имени, кроме начального элемента ввода Л.А.
Даты 1894-1948
Расширение инициалов личного имени Лев Александрович
Код отношения Автор
702 #1 - ИМЯ ЛИЦА - ВТОРИЧНАЯ ОТВЕТСТВЕННОСТЬ
Начальный элемент ввода Купреянов
Часть имени, кроме начального элемента ввода Н.Н.
Даты 1894-1933
Расширение инициалов личного имени Николай Николаевич
Код отношения Автор
702 #1 - ИМЯ ЛИЦА - ВТОРИЧНАЯ ОТВЕТСТВЕННОСТЬ
Код отношения Автор
Материалы, к которым относится поле rus
Графика поля Кириллица
Начальный элемент ввода Лебедев
Часть имени, кроме начального элемента ввода В. В.
Дополнения к именам, кроме дат живописец, график
Даты 1891-1967
Расширение инициалов личного имени Владимир Васильевич
Идентификатор авторитетной/нормативной записи RU\NLR\AUTH\7740013
Системный номер авторитетной/нормативной записи 22966
702 #1 - ИМЯ ЛИЦА - ВТОРИЧНАЯ ОТВЕТСТВЕННОСТЬ
Начальный элемент ввода Львов
Часть имени, кроме начального элемента ввода П.И.
Даты 1882-1944
Расширение инициалов личного имени Петр Иванович
Код отношения Автор
702 #1 - ИМЯ ЛИЦА - ВТОРИЧНАЯ ОТВЕТСТВЕННОСТЬ
Начальный элемент ввода Митурич
Часть имени, кроме начального элемента ввода П.В.
Даты 1887-1956
Расширение инициалов личного имени Петр Васильевич
Код отношения Автор
702 #1 - ИМЯ ЛИЦА - ВТОРИЧНАЯ ОТВЕТСТВЕННОСТЬ
Начальный элемент ввода Татлин
Часть имени, кроме начального элемента ввода В.Е.
Даты 1885-1953
Расширение инициалов личного имени Владимир Евграфович
Код отношения Автор
702 #1 - ИМЯ ЛИЦА - ВТОРИЧНАЯ ОТВЕТСТВЕННОСТЬ
Код отношения Автор
Материалы, к которым относится поле rus
Графика поля Кириллица
Начальный элемент ввода Тырса
Часть имени, кроме начального элемента ввода Н. А.
Даты 1887-1942
Расширение инициалов личного имени Николай Андреевич
Идентификатор авторитетной/нормативной записи RU\NLR\AUTH\7739989
Системный номер авторитетной/нормативной записи 22950
710 12 - НАИМЕНОВАНИЕ ОРГАНИЗАЦИИ - ПЕРВИЧНАЯ ОТВЕТСТВЕННОСТЬ
Начальный элемент ввода Выставка рисунков Бруни Л.А., Купреянова Н.Н., Лебедева В.В. и др.
Место проведения временной организации Москва
Дата проведения временной организации 1925
801 #0 - ИСТОЧНИК ЗАПИСИ
Страна Российская Федерация
Организация NLR
Дата составления 20000525
852 ## - МЕСТОНАХОЖДЕНИЕ И ШИФР ХРАНЕНИЯ
Идентификатор организации NLR
Шифр хранения (Call Number) 64-2/74
899 ## - ДАННЫЕ О МЕСТОНАХОЖДЕНИИ (устаревшее)
Местонахождение БАН
899 ## - ДАННЫЕ О МЕСТОНАХОЖДЕНИИ (устаревшее)
Местонахождение РКП
899 ## - ДАННЫЕ О МЕСТОНАХОЖДЕНИИ (устаревшее)
Местонахождение НБ Бел.
899 ## - ДАННЫЕ О МЕСТОНАХОЖДЕНИИ (устаревшее)
Местонахождение РГБ
942 ## - ДОПОЛНИТЕЛЬНЫЕ ЭЛЕМЕНТЫ ЗАПИСИ (АБИС)
Тип экземпляра АБИС Книга
980 ## - КОЛЛЕКЦИЯ
Название коллекции Национальная библиография
980 ## - КОЛЛЕКЦИЯ
Название коллекции Готово к оцифровке
980 ## - КОЛЛЕКЦИЯ
Название коллекции Международный сводный каталог русской книги (1918-1926)
Экземпляры
Тип экземпляра Дата поступления Библиотека постоянного хранения Библиотека текущего хранения Место хранения Шифр хранения Штрих-код Статус экземпляра
Книга 06.07.2023 РНБ (Садовая) РНБ (Садовая) Русский книжный фонд -Главное здание, Ленинский читальный зал 64-2/74 1-4037043